All Michigan Cities By Letter - O - Statistics

General Stats
  • This quiz has been taken 9 times
  • The average score is 11 of 17
Answer Stats
Population County City/Village % Correct
1,250 Ontonagon Ontonagon
100%
14,441 Shiawassee Owosso
100%
274 Saginaw Oakley
75%
29,431 Oakland Oak Park
75%
950 Lenawee Onsted
75%
1,613 Clinton/Shiawassee Ovid
75%
3,556 Oakland Oxford
75%
1,762 Eaton Olivet
50%
289 Arenac Omer
50%
828 Presque Isle Onaway
50%
404 Manistee Onekama
50%
1,443 Oakland Ortonville
50%
835 Genesee Otisville
50%
3,994 Allegan Otsego
50%
378 Lapeer/Genesee Otter Lake
50%
224 Huron Owendale
50%
2,473 Oakland Orchard Lake Village
25%
No matching quizzes found
Score Distribution
Percent of People with Each Score
Percentile by Number Answered
Your Score History
You have not taken this quiz